1598 1034 1668 1122 1366 1058 1311 1274 1725 1970 1660 1749 1843 1729 1046 1946 1453 1109 1100 1128 1824 1548 1476 1852 1593 1534 1428 1283 1246 1867 1140 1938 1793 1714 1279 1359 1029 1236 1730 1707 1909 1575 1524 1608 1870 1062 1286 1604 1047 1972 1161 1428 1238 1696 1753 1290 1644 1999 1723 1938 1080 1603 1000 1446 1525 1374 1748 1877 1467 1954 1975 1881 1109 1786 1486 1425 1724 1934 1235 1772 1796 1446 1948 1530 1895 1634 1728 1488 1395 1670 1998 1447 1124 1444 1760 1119 1362 1099 1889 BCNSPRNW ULIB Ver.6.0+V

เปลี่ยนเป็นภาษาไทย

Change to English
 แสดงรายละเอียดบรรณานุกรม
  กลับหน้าหลัก

Brief Record : Get Marc (ISO 2709) : E-mail record : QR code < ปิดหน้าต่าง
LEADER : 00000nam 2200000uu 4500
001    13399127561
003     ULIB
008    210202s2561||||th 000 0 tha d
020    ^a9786164686212
060    ^aWK300^bณ213ภ
100    ^aณัฏฐิณี จรัสเจริญวิทยา
245    ^aภาวะต่อมพาราไทรอยด์สังเคราะห์ฮอร์โมนเพิ่มขึ้นแบบปฐมภูมิ = Primary Hyperparathyroidism
260    ^aนนทบุรี :^bภาพพิมพ์,^c2561
300    ^a242 หน้า :^bภาพประกอบ, ตาราง ;^c26 ซม.
650    ^aต่อมพาราไทรอยด์ -- โรค
650    ^aภาวะต่อมพาราไทรอยด์ทำงานเกิน
945    ^p360^l0^i007481
945    ^p360^l0^i007482
945    ^p360^l0^i007483
945    ^p360^l0^i007484
945    ^p360^l0^i007485
999    ^aประนอม เกษจรัล
รายการนี้ยังไม่มีแท็ก
คุณยังไม่ได้ล็อกอิน คุณสามารถมีกิจกรรมร่วมกับเว็บไซต์ได้ แต่ต้องล็อกอินก่อน ::
  ล็อกอิน

รายการสื่อสารสนเทศ

ลำดับที่ ประเภท เลขเรียก/บาร์โค้ด สถานที่ สถานะ
1. วิทยาศาสตร์การแพทย์ และสุขภาพ
หนังสือสำรอง
สถานะ=หนังสือสำรอง
WK300 ณ213ภ ฉ.1 
  Barcode: 007481
ห้องสมุดวิทยาเขตสวรรค์ประชารักษ์
►หนังสือทั่วไป
บนชั้น
2. วิทยาศาสตร์การแพทย์ และสุขภาพ
วิทยาศาสตร์การแพทย์ และสุขภาพ
WK300 ณ213ภ ฉ.2 
  Barcode: 007482
ห้องสมุดวิทยาเขตสวรรค์ประชารักษ์
►หนังสือทั่วไป
บนชั้น
3. วิทยาศาสตร์การแพทย์ และสุขภาพ
วิทยาศาสตร์การแพทย์ และสุขภาพ
WK300 ณ213ภ ฉ.3 
  Barcode: 007483
ห้องสมุดวิทยาเขตสวรรค์ประชารักษ์
►หนังสือทั่วไป
บนชั้น
4. วิทยาศาสตร์การแพทย์ และสุขภาพ
วิทยาศาสตร์การแพทย์ และสุขภาพ
WK300 ณ213ภ ฉ.4 
  Barcode: 007484
ห้องสมุดวิทยาเขตสวรรค์ประชารักษ์
►หนังสือทั่วไป
บนชั้น
5. วิทยาศาสตร์การแพทย์ และสุขภาพ
วิทยาศาสตร์การแพทย์ และสุขภาพ
WK300 ณ213ภ ฉ.5 
  Barcode: 007485
ห้องสมุดวิทยาเขตสวรรค์ประชารักษ์
►หนังสือทั่วไป
บนชั้น

รายการใกล้เคียง
    ชื่อเรื่อง [ภาวะต่อมพาราไทรอยด์สังเคราะห์ฮอร์โมนเพิ่มขึ้นแบบปฐมภูมิ = Primary Hyperparathyroidism]

    ผู้แต่ง [ณัฏฐิณี จรัสเจริญวิทยา]

    หัวเรื่อง [ต่อมพาราไทรอยด์ -- โรค]
    หัวเรื่อง [ภาวะต่อมพาราไทรอยด์ทำงานเกิน]

BibComment


ยังไม่เคยถูกคอมเมนท์

คอมเมนท์ทรัพยากรรายการนี้
  คอมเมนท์: ภาวะต่อมพาราไทรอ..


 Copyright 2026. Bcnsprnw @Library